000 01035nam a2200313 i 4500
001 000008125
003 DO-SdBNP
005 20260225130902.0
007 ta
008 090915s1977 dr a 000 0 spa d
040 _aDO-SdBNP
_bspa
_cBNPHU
_erda
041 _aspa
082 4 _a305.235
_bM828d
_222
100 1 _aA. Morales, H. Alfredo,
_eautor
_4aut.
_922058
245 1 3 _aEl desafío de ser joven :
_breflexiones educativas /
_cH. Alfredo A. Morales.
264 1 _aSanto Domingo :
_beditor no identificado,
_c1977.
300 _a249 páginas :
_bilustraciones ;
_c19 cm.
336 _atexto
_btxt
_2rdacontent
337 _asin mediación
_bn
_2rdamedia
338 _avolumen
_bnc
_2rdacarrier
504 _aBibliografía : páginas 249
590 _aInventariado, 2018/VM
650 4 _aJuventud
_922059
650 4 _aEducación para la vida familiar
_92729
650 4 _aAutorrealización (Psicología)
_9211
650 7 _aConducta de vida
_2LIBRUNAM
_911947
910 _aValidado. Control de calidad MFF
942 _2ddc
_cLBS1
999 _c7902
_d7902